| 000 | 00547nam a2200169 a 4500 | ||
|---|---|---|---|
| 001 | 000029102 | ||
| 005 | 20240307073948.0 | ||
| 008 | 110413s1982 dr 000 0 spa d | ||
| 040 |
_aDO-SdBNP _bspa _cBNPHU |
||
| 245 | 0 | 0 |
_aLicenciatura en educación mención filosofía y letras : _bcódigo, 30903 /. |
| 260 |
_aSanto Domingo : _bUASD, _c1982. |
||
| 300 |
_a44 p. ; _c21 cm. |
||
| 490 | 1 |
_aPlanes de estudios _v4 _aOPLAU |
|
| 710 | 1 |
_aUniversidad Autónoma de Santo Domingo _972951 |
|
| 830 | 0 |
_aPlanes de estudios _n4 _pOPLAU _956008 |
|
| 049 | _aBNPD | ||
| 999 |
_c28594 _d28594 |
||